000 01242nam a22003617a 4500
001 156
003 FISKH
005 20230831140134.0
008 230301b cb ||||| |||| 00| 0 eng d
040 _aDLC
_cDLC
_dDLC
_dFISKH
_beng
042 _alcac
050 0 0 _aPZ7.P3856
_bClk 2010
082 0 0 _a813.6
_222
100 1 _aPennypacker, Sara,
_d1951-
245 1 0 _aClementine, Friend of the Week /
_cSara Pennypacker ; pictures by Marla Frazee.
250 _a1st ed.
260 _aNew York
_bScholastic
_c2010
300 _a161 p.
_bill. ;
_c20 cm.
505 _aQ
520 _aWith her kitten, Moisturizer, missing and having fought with her best friend, Margaret, eight-year-old Clementine finds it hard to concentrate on doing her best as her classmate's Friend of the Week.
521 1 _a670
_bLexile
521 1 _aQ
_bRaz-Plus
650 1 _aFriendship
_vFiction.
650 1 _aSchools
_vFiction.
650 1 _aFamily life
_zMassachusetts
_vFiction.
650 1 _aLost and found possessions
_vFiction.
650 1 _aCats
_vFiction.
650 1 _aHumorous stories.
651 1 _aBoston (Mass.)
_vFiction.
700 1 _aFrazee, Marla,
_eill.
906 _a7
_bcbc
_corignew
_d1
_eecip
_f20
_gy-gencatlg
942 _2ddc
_cBK
_n0
999 _c156
_d156